| 000 | 00959nam a2200289 i 4500 | ||
|---|---|---|---|
| 001 | 016602406 | ||
| 003 | OSt | ||
| 005 | 20201128021219.0 | ||
| 008 | 140319t2014 xxka fr 001 0 eng d | ||
| 020 | _a9781292041230 (pbk.) | ||
| 040 |
_aStDuBDS _beng _cStDuBDS _dUk _dEG-ScBUE |
||
| 082 | 0 | 0 |
_a300.727 _222 _bKRI |
| 100 | 1 |
_aKrieg, Eric J. _937449 |
|
| 245 | 1 | 0 |
_aStatistics and data analysis for social science / _cEric J. Krieg. |
| 250 |
_a1st ed., _bPearson new international ed. |
||
| 260 |
_aHarlow, United Kingdom : _bPearson Education Limited, _cc.2014. |
||
| 300 |
_aii, 392 p. : _bill. (col.) ; _c28 cm. |
||
| 490 | 0 | _aPearson custom library | |
| 490 | 0 | _aAlways learning | |
| 500 | _aIncludes appendixes. | ||
| 500 | _aIndex : p. 389-392. | ||
| 650 | 0 |
_aSocial sciences _xStatistical methods _93257 |
|
| 650 | 0 |
_aSocial sciences _xResearch _9775 |
|
| 653 |
_bBUSADM _cFebruary2015 |
||
| 655 |
_vreading book _934232 |
||
| 942 |
_2ddc _k300.727 KRI |
||
| 999 |
_c18997 _d18969 |
||